00840cam a22002411 4500001001300000003000400013005001700017008004100034010001700075035001900092040003400111042001200145050002500157082001000182100002800192245015500220260004900375300003800424490004500462650003800507710003600545999001700581l 50000111 DLC20260227111542.0780826s1950 xx 000 0 eng c al 50000111  a(OCoLC)4170733 aU.S. Dept. of LaborcOAkdDLC apremarc00aHD6093b.A35 no. 236 a396.51 aVan Schaick, Frances L.10aWomen in higher-level positions,ba survey of women in positions of responsibility in selected fields of business and industry and in specified areas. a[Washington,bU.S. Govt. Print. Off.,c1950] aiv, 86 p.billus., forms.c23 cm.0 aBulletin of the Women's Bureau,vno. 236 0aWomenxEmploymentzUnited States.1 aUnited States.bWomen's Bureau. c36698d36698